000 00339nam a2200145Ia 4500
008 150201s2009 xx 000 0 und d
082 _a616.01
_bM09R
100 _aRAJAN, T.V.
245 _aTB. OF MEDICAL PARASITOLOGY
250 _a1ST
260 _bB.I. PUB.
_aDELHI
_c2009
300 _a278
650 _aMICROBIOLOGY
942 _2ddc
_cBK
999 _c2275
_d2275